Estatísticas para Países em um Anel do Mapa Mundial

Clique aqui para jogar o quiz

Estatísticas Gerais

  • Esse quiz foi jogado 5 808 vezes
  • A pontuação média é 27 de 31

Respostas no mapa

Respostas codificadas por cores de uma escala verde-vermelha no mapa do quiz de acordo com a % correta abaixo.
 

Estatísticas das Respostas

País% Correto
Brasil
99%
Canadá
99%
Estados Unidos
99%
México
99%
França
97%
Colômbia
96%
Guiana
96%
Venezuela
96%
Espanha
95%
Suriname
95%
Reino Unido
94%
Dinamarca
93%
Panamá
93%
Irlanda
92%
Islândia
92%
Marrocos
88%
Costa Rica
86%
Honduras
86%
Argélia
85%
El Salvador
85%
Guatemala
85%
Nicarágua
85%
Belize
79%
Andorra
74%
Guiné
72%
Mali
72%
Senegal
72%
Mauritânia
67%
Guiné-Bissau
65%
Serra Leoa
63%
Gâmbia
58%

Distribuição das Pontuações

Percentil de Números Respondidos

Porcentagem de Pessoas com Cada Pontuação

Sua Pontuação Histórica

Você não jogou esse quiz